| 000 | 00741nam a22001337a 4500 | ||
|---|---|---|---|
| 040 | _cRUA | ||
| 082 | _aAVM SUM 2018 B649 Or.1 | ||
| 100 | _aSUM PHEA ស៊ុម ភា | ||
| 245 | _aantiotics resistance of escherichia of eschrichia coli at nget channa's farm in dangkor district, ភាពសុំាបាត់តេរី escherichchia coli ទន់ទឹងឧសថអង់ទីប្យូទិច ក្នុងកសិធ្ឌានចិតឲញ្ចឹមជ្រូក ង៉ែត ចាន់ណា ខណ្ឌដង្កោរ | ||
| 260 |
_aRUA _bPhnom penh _c2018 |
||
| 300 |
_aix;38p _bill; _c29cm |
||
| 856 | _uhttps://drive.google.com/file/d/1d8Z4998-DaV2IecwcmYrT5zjOOnSgK9l/view?usp=sharing | ||
| 942 | _cAVM | ||
| 999 |
_c18332 _d18332 |
||